| 000 | 00622nam a2200193 a 4500 | ||
|---|---|---|---|
| 001 | 000026469 | ||
| 005 | 20200930030235.0 | ||
| 008 | 110318s1989 sp ac r 000 0 spa d | ||
| 040 |
_aDO-SdBNP _bspa _cBNPHU |
||
| 082 |
_axxx _bG643i |
||
| 100 | 1 |
_aGonzález-Manet, Enrique _953531 |
|
| 245 | 1 | 0 |
_aImpacto social de las tecnologías : _baudiovisuales / _cEnrique González Manet ; edición Fermín Romero Alfau. |
| 260 |
_aLa Habana : _bPablo de la Torriente, _c1989. |
||
| 300 |
_axv, 102 p. ; _c23 cm. |
||
| 490 | 1 | _aTécnica | |
| 700 | 1 |
_aRomero Alfau, Fermín _eed. _933134 |
|
| 830 | 0 |
_aTécnica _91557 |
|
| 049 | _aBNGR | ||
| 999 |
_c25961 _d25961 |
||